| 000 | 00844nam a2200277 i 4500 | ||
|---|---|---|---|
| 999 |
_c200449135 _d67347 |
||
| 003 | TR-AnTOB | ||
| 005 | 20220624150329.0 | ||
| 007 | ta | ||
| 008 | 220624b1999 -hk 000 0 eng d | ||
| 020 | _a0195920104 | ||
| 022 | _201170481 | ||
| 040 |
_aTR-AnTOB _beng _erda _cTR-AnTOB |
||
| 041 | 0 | _aeng | |
| 050 | 1 | 4 |
_aHB3730 _b.A85 1999 |
| 090 |
_aTOBBK HB3730 _b.A85 1999 |
||
| 245 | 0 | 0 |
_aAsian development outlook 1999 : _bSpecial chapter, Economic openness: growth and recovery in Asia. |
| 264 | 1 |
_aHong Kong : _bOxford University Press, _c1999. |
|
| 300 |
_a264 pages : _btables, graphics ; _c27 cm |
||
| 336 |
_atext _btxt _2rdacontent |
||
| 337 |
_aunmediated _bn _2rdamedia |
||
| 338 |
_avolume _bnc _2rdacarrier |
||
| 650 | 0 |
_aEconomic forecasting _99644 |
|
| 942 |
_2z _cBK |
||